000 00526nam a2200145Ia 4500
008 100122s9999 xx 000 0 und d
082 _b52731
_a330
100 _aपाठक सरिता
245 _aकौटील्याचे अर्थशास्त्र
260 _bपरिमल प्रकाशन
_c1996
300 _a112
630 _aकौटील्याचे अर्थशास्त्र
730 _aकौटील्याचे अर्थशास्त्र
942 _cBOOK
999 _c429898
_d429895